MARC

LEADER 00000nab a2200000 4500
001 vtls012277808
003 SK-MaSNL
005 20260318115059.0
008 250609c2023 xo qr|p || ||00 b0ukr
015 |a SNBRB2025/06 
038 |a SVKPOCL 
040 |a SVKPOCL  |b slo  |c SVKPOCL  |e rda 
041 0 |a ukr 
043 |a e-xo--- 
044 |a xo  |c SK 
072 7 |a 27-78  |x Kresťanské združenia, spolky a organizácie. Rehoľné rády  |2 konspekt 
080 |a 27-78:005.745  |2 2011 
080 |a 378.091.6(437.6):27  |2 2011 
080 |a (=161.25):27  |2 2011 
080 |a 316.022.4(=161.25)  |2 2011 
080 |a (437.6)  |2 2011 
080 |a (437.671)  |2 2011 
245 0 0 |a Aktivity OSJK  |b Prjašiv 7.6.2023 
300 |b Fotografie 
336 |a text  |b txt  |2 rdacontent 
337 |a bez média  |b n  |2 rdamedia 
338 |a zväzok  |b nc  |2 rdacarrier 
600 1 7 |a Pančák, Igor,  |d 1978-  |2 svkpocl  |9 1211041 
600 1 7 |a Krajňák, František,  |d 1956-  |2 svkpocl  |9 331445 
600 1 7 |a Jasik, Milan,  |d 1976-  |2 svkpocl  |9 265373 
610 2 7 |a Spolok sv. Jána Krstiteľa (Slovensko)  |2 SNKKA  |9 153170 
610 2 7 |a Gréckokatolícka cirkev  |2 SNKMA  |9 32576 
610 2 7 |a Spolok sv. Jána Krstiteľa (Slovensko).  |b Výbor  |2 svkpocl  |9 1325988 
648 7 |a 7.6.2023  |2 svkpocl  |9 1603537 
650 0 7 |a náboženské spolky  |2 SNKPH  |9 30995 
650 0 7 |a vysokoškolskí študenti  |2 SNKPH  |9 3981 
650 0 7 |a študenti teológie  |2 svkpocl  |9 701254 
650 0 7 |a východné kresťanské cirkvi  |2 SNKPH  |9 68747 
650 0 7 |a cirkevní hodnostári  |2 SNKPH  |9 261074 
650 0 7 |a stretnutia  |2 svkpocl  |9 877999 
650 0 7 |a Rusíni  |2 SNKPH  |9 4087 
651 7 |a Slovensko  |2 SNKPHgeo  |9 14231 
651 7 |a Prešov (Slovensko)  |2 SNKPHgeo  |9 17347 
773 0 |t Artos  |g Roč. XIX, č. 3 (2023), s. 18  |x 1336-65643 
852 |a SVKPO  |b KIS3GCP 
958 |a RN 
958 |a SS 
958 |a SK 
958 |a NT 
958 |a NM 
999 |c 3304113  |d 3306043